000 00795nam a2200253Ia 4500
003 OSt
005 20220923211046.0
006 a|||||r|||| 00| 0
007 ta
008 Pun
020 _a8175991569 (hbk)
_c80
024 _a281,898
037 _b866, 14/08/2014, H.K. Prakashan
_cTextual
040 _aARTS
_cARTS
_bPun
041 _2Pun
_aPun
082 _aO153,1NMORx, P4
100 _aਮੋਰਾਂਵਾਲੀ, ਗਿੱਲ
_9156263
245 0 _aਮੌਸਮ ਦਾ ਸੰਤਾਪ
260 _aਦਿੱਲੀ
_b ਨਵਯੁਗ
_c2004
300 _a112ਪੰ
_ccm.
650 _aਪੰਜਾਬੀ ਸਾਹਿਤ
942 _hO153,1NMORx, P4
_cTEXL
_2CC
999 _c294654
_d294654